Tìm hiểu hiện trạng môi trường sông Phú Lộc - Đà Nẵng và một số giải pháp khắc phục ô nhiễm

Cơ sở lí luận và thực tiẽn của đề tài. Hiện trạng môi trường sông Phú Lộc, thành phố Đà Nẵng. Ảnh hưởng của ô nhiễm nước sông Phú Lộc và một số giải pháp khắc phục ô nhiễm.

Salvato in:
Dettagli Bibliografici
Autore principale: Nguyễn, Võ Huyền Trinh
Altri autori: Nguyễn, Thị Diệu Th.S (Hướng dẫn)
Natura: Libro
Lingua:Vietnamese
Pubblicazione: Đại học Đà Nẵng Trường Đại học Sư phạm 2009
Serie:Khóa luận tốt nghiệp Đại học. Chuyên ngành: Cử nhân Địa lý
Soggetti:
Tags: Aggiungi Tag
Nessun Tag, puoi essere il primo ad aggiungerne! !
Thư viện lưu trữ: Mạng thư viện Đại học Đà Nẵng
LEADER 01661nam a2200349 4500
001 000011149
003 7381
005 20120202090249.0
008 120202s2009 viesd
041 |a vie 
072 |a Khóa luận tốt nghiệp 
082 |a 363.7394  |b NG-T 
100 1 |a Nguyễn, Võ Huyền Trinh 
245 1 |a Tìm hiểu hiện trạng môi trường sông Phú Lộc - Đà Nẵng và một số giải pháp khắc phục ô nhiễm  |c Nguyễn, Võ Huyền Trinh 
260 |a Đại học Đà Nẵng  |b Trường Đại học Sư phạm  |c 2009 
300 |a 47 tr. [5 tr.]  |b ảnh m.họa + bản đồ  |c 29 cm 
490 |a Khóa luận tốt nghiệp Đại học. Chuyên ngành: Cử nhân Địa lý 
500 |a Tham khảo + phụ lục [5 tr.] 
520 |a Cơ sở lí luận và thực tiẽn của đề tài. Hiện trạng môi trường sông Phú Lộc, thành phố Đà Nẵng. Ảnh hưởng của ô nhiễm nước sông Phú Lộc và một số giải pháp khắc phục ô nhiễm. 
653 |a Khóa luận tốt nghiệp Đại học 
653 |a Khoa Địa lý 
700 1 |a Nguyễn, Thị Diệu  |c Th.S  |e Hướng dẫn 
OWN |a LSP 
AVA |a UDN50  |b LSP  |d 363.7394 NG-T  |e available  |t Error 5001 Not defined in file expand_doc_bib_avail.  |f 1  |g 0  |h N  |i 0  |k 1 
999 |a From the UDN01 
AVA |a UDN50  |b LSP  |d 363.7394 NG-T  |e available  |t Error 5001 Not defined in file expand_doc_bib_avail.  |f 1  |g 0  |h N  |i 0  |k 1 
TYP |a Monograph 
TYP |a Printed language 
980 |a Mạng thư viện Đại học Đà Nẵng